000 00284nam a22001337a 4500
008 171031b xxu||||| |||| 00| 0 eng d
020 _a9780066620992
041 _aeng
080 _a33
100 _a55
101 _aBUS
245 _aGOOD TO GREAT
_cCOLLINS.J
942 _2udc
_cBK
999 _c36726
_d36726